| 000 | 02114cam a22006014i 4500 | ||
|---|---|---|---|
| 003 | PE-LiUPU | ||
| 005 | 20250731170444.0 | ||
| 008 | 150625s2006 sp rb 000 0 spa d | ||
| 020 | _a8436820649 | ||
| 020 | _a9788436820645 | ||
| 035 | _a(Sirsi) i9788436820645 | ||
| 040 |
_aPE-LiUPU _bspa _cPE-LiUPU _dPE-LiUPU _erda |
||
| 049 | _aPRUA | ||
| 082 | 0 | 4 |
_a159.9 _bM94 _221 |
| 100 | 1 |
_aMuñoz Adámez, Alfredo, _eautor. |
|
| 245 | 1 | 0 |
_aMétodos creativos para organizaciones / _cAlfredo Muñoz Adánez. |
| 264 | 1 |
_aMadrid : _bPirámide, _c2006. |
|
| 300 |
_a102 páginas ; _c21 centímetros. |
||
| 336 |
_atext _2rdacontent |
||
| 337 |
_aunmediated _2rdamedia |
||
| 338 |
_avolume _2rdacarrier |
||
| 490 | 0 | _aColección "Psicología" | |
| 504 | _aIncluye bibliografía. | ||
| 505 | 0 | _a¿Para qué los métodos creativos? -- El "Brainstorming" -- La Sinéctica -- El pensamiento lateral -- La sinapsis -- Lista de atributos -- La matriz de descubrimiento -- El análisis morfológico -- El grupo nominal -- El método Delfos -- Bien, ¿y ahora qué?. | |
| 526 | _aSEG68 | ||
| 526 | _aSEG70 | ||
| 526 | _aSEG69 | ||
| 526 | _aSEG67 | ||
| 526 | _aSEG43 | ||
| 526 | _aP144 | ||
| 526 | _aP143 | ||
| 526 | _aP131 | ||
| 526 | _aP122 | ||
| 526 | _aP120 | ||
| 526 | _aP117 | ||
| 526 | _aP112 | ||
| 526 | _aP110 | ||
| 526 | _aP106 | ||
| 526 | _aP101 | ||
| 526 | _aP80 | ||
| 526 | _aP59 | ||
| 526 | _aP54 | ||
| 526 | _aP35 | ||
| 526 | _aP33 | ||
| 526 | _aP30 | ||
| 541 | _g014-0000459; | ||
| 650 | 0 | 4 | _aCreatividad en las organizaciones. |
| 942 |
_2ddc _cBOOK |
||
| 949 |
_a159.9 M94 _wDEWEY _c1 _i58985 _d2016-4-12 _e2016-4-4 _lCCODEBUL1 _mBUL _n2 _p19.00 _r0 _sY _tBOOK _u2015-6-25 _xSALUD _PP33 _0COMPRA _o.STAFF. Colección Ciencias de la Salud |
||
| 994 |
_aC0 _bPEPRU |
||
| 596 | _a1 | ||
| 999 |
_a159.9 M94 _wDEWEY _c47823 _i58985 _d47823 _e2016-4-4 _f2021-11-3 _g5 _lCCODEBUL1 _mBUL _n2 _p19.00 _r0 _sY _tBOOK _u2015-6-25 _xSALUD _zP33 _0COMPRA _o.STAFF. Colección Ciencias de la Salud |
||
| 980 |
_81 _gALBERTO SANCHEZ Responsable de Automatización |
||